Αντίο Θεσσαλονίκη

Αποθηκεύτηκε σε:
Λεπτομέρειες βιβλιογραφικής εγγραφής
Κύριος συγγραφέας: Φιλίππου, Φίλιππος Φ., 1948-
Μορφή: Βιβλίο
Γλώσσα:Greek
Δημοσίευση: Αθήνα : Πόλις, 1999
Θέματα:
Ετικέτες: Προσθήκη ετικέτας
Δεν υπάρχουν, Καταχωρήστε ετικέτα πρώτοι!

MARC

LEADER 00000cam a2200000 i 4500
001 1/59708
008 040831s1999 gre d
020 |a 960-7478-76-2 
035 |l 10074166 
040 |a GR-MY-UA  |b gre  |e aacr 
041 0 |a gre 
082 0 |a 889.3 
100 1 |a Φιλίππου, Φίλιππος Φ.,   |d 1948- 
245 1 0 |a Αντίο Θεσσαλονίκη /  |c Φίλιππος Φιλίππου 
260 |a Αθήνα :   |b Πόλις,   |c 1999 
300 |a 287 σ.;  |c 21 εκ. 
650 0 0 |a Greek fiction, Modern. 
852 |a INST  |b LEMNOS  |e 20140616  |h 889.3 ΦΙΛ  |p 005600001135  |q 005600001135  |t BK  |y 0 
852 |a INST  |b SAMOS  |e 20040831  |h 889.3 ΦΙΛ  |p 005300023190  |q 005300023190  |t BK  |y 0 
901 |a BIBL3-2004-2 
901 |a BIBL6-2014-2 
909 |a Σ  |b 107464 
909 |a Μ  |b 161360 
922 |a 3ΕΛΗ  |b 200406  |c ΤΜΠΕΣ  |d LEADER 
970 |a ΜΑΛΑΓΑΡΗ  |b ΦΩΤΕΙΝΗ  |z 2004/08/31